| 000 | 00940cam a22002537a 4500 | ||
|---|---|---|---|
| 001 | 12848703 | ||
| 005 | 20241212165257.0 | ||
| 008 | 010109s2000 fr a 000 0 eng d | ||
| 020 | _a9291780162 (pbk) | ||
| 050 | 0 | 0 |
_aLA1626 _b.A49 2000 |
| 082 | 0 | 0 |
_a370/.9667 _222 |
| 100 | 1 | _aAgyeman, Dominic Kofi. | |
| 245 | 1 | 0 |
_aReview of education sector analysis in Ghana, 1987-1998 / _cprepared by D.K. Agyeman, J.J.K. Baku, R. Gbadamosi ; assisted by E. Addabor ... [et al.]. |
| 260 |
_aParis : _bWorking Group on Education Sector Analysis, UNESCO _cc2000. |
||
| 300 |
_axv, 148 p. : _bill. ; _c25 cm. |
||
| 500 | _aSummary in English. | ||
| 500 | _aSpine title: Education sector analysis, Ghana. | ||
| 650 | 0 |
_aEducation _zGhana _xEvaluation. |
|
| 650 | 0 |
_aEducational planning _zGhana. |
|
| 700 | 1 | _aBaku, J.J.K. | |
| 700 | 1 | _aGbadamosi, Rasheed. | |
| 710 | 2 |
_aUnesco. _bWorking Group on Education Sector Analysis. |
|
| 942 |
_2lcc _cBK _n0 |
||
| 999 |
_c2129 _d2129 |
||